| 000 | 00675cam a2200217 4500 | ||
|---|---|---|---|
| 001 | 6290 | ||
| 005 | 20250602153852.0 | ||
| 008 | 250602b |||||||| |||| 00| 0 eng d | ||
| 020 | _a1524755591 | ||
| 020 | _aNA | ||
| 100 | 1 | _aOng,Aihwa. | |
| 245 | 1 | 4 |
_a Bewitching women,Pious Men: _bgender and body politics in Southeast Asia. |
| 264 | 1 |
_aUSA : _bUniversity of California Press, _c2016. |
|
| 300 |
_aix 299 pages ; _c20 cm |
||
| 336 |
_atext _btxt _2rdacontent |
||
| 337 |
_aunmediated _bn _2rdamedia |
||
| 338 |
_avolume _bnc _2rdacarrier |
||
| 440 | _aBewitching women,Pious Men:gender and body politics in Southeast Asia | ||
| 655 | 7 | _aSpy fiction. | |
| 942 |
_2ddc _cMAIN |
||
| 999 |
_c10285 _d10286 |
||